000 00364nam a2200133Ia 4500
008 240624s9999 xx 000 0 und d
041 _aeng
082 _a658.3142 GOE
100 _aGOEL DEWAKAR
245 _aPERFORMANCE APPRAISAL AND COMPENSATION M
260 _c2008
_aNew Delhi
_bPrentice-Hall of India
300 _axx, : 272 : p. : cm. ; 23
365 _cRS
_b35
999 _c14828
_d14828